| 000 | 01376cam a22003257a 4500 | ||
|---|---|---|---|
| 999 |
_c18389 _d18389 |
||
| 008 | 020516s2002 nyua bc 001 0deng d | ||
| 020 | _a0789308037 (pbk.) | ||
| 050 | 0 | 0 |
_aND653.G7 _bA4 2002a |
| 100 | 1 | _aGogh, Vincent van | |
| 245 | 1 | 4 |
_aThe portable Van Gogh / _cwith an essay by Robert Hughes. |
| 246 | 1 | 8 | _aVan Gogh |
| 260 |
_aNew York, NY : _bUniverse, _c2002. |
||
| 300 |
_a430 p. : _bchiefly col. ill. ; _c20 cm. |
||
| 504 | _aIncludes bibliographical references (p. 418) and index. | ||
| 700 | 1 | _aHughes, Robert | |
| 942 |
_2lcc _cBOOKS _hND653.G7 A4 2002a |
||